[Event "MNT-chT 1st League"]
[Site "Podgorica"]
[Date "2014.09.12"]
[Round "4.1"]
[White "Simic, Dragisa"]
[Black "Rabrenovic, Milinko"]
[Result "1/2-1/2"]
[WhiteElo "2296"]
[BlackElo "2197"]
[PlyCount "25"]
[EventDate "2014.08.29"]
[EventType "team-tourn"]
[EventRounds "9"]
[EventCountry "MNE"]
[SourceTitle "EXT 2018"]
[Source "ChessBase"]
[SourceDate "2017.10.13"]
[SourceVersion "1"]
[SourceVersionDate "2017.10.13"]
[SourceQuality "1"]
[WhiteTeam "Kotor"]
[BlackTeam "Mornar"]
[WhiteTeamCountry "MNE"]
[BlackTeamCountry "MNE"]

1. e4 c5 2. Na3 Nc6 3. Bb5 Nd4 4. Ba4 g6 5. c3 Nc6 6. d4 cxd4 7. cxd4 Bg7 8. Nf3 Nf6 9. d5 Nb4 10. 0-0 0-0 11. Nc2 Nxc2 12. Bxc2 d6 13. h3 1/2-1/2

[Event "MNT-chT 1st League"]
[Site "Podgorica"]
[Date "2014.08.29"]
[Round "1.1"]
[White "Pikula, Dejan"]
[Black "Simic, Dragisa"]
[Result "1/2-1/2"]
[WhiteElo "2458"]
[BlackElo "2296"]
[PlyCount "109"]
[EventDate "2014.08.29"]
[EventType "team-tourn"]
[EventRounds "9"]
[EventCountry "MNE"]
[SourceTitle "EXT 2018"]
[Source "ChessBase"]
[SourceDate "2017.10.13"]
[SourceVersion "1"]
[SourceVersionDate "2017.10.13"]
[SourceQuality "1"]
[WhiteTeam "Crnogorac"]
[BlackTeam "Kotor"]
[WhiteTeamCountry "MNE"]
[BlackTeamCountry "MNE"]

1. e4 e6 2. d3 d5 3. Qe2 Nf6 4. Nf3 c5 5. g3 Nc6 6. Bg2 g6 7. Bg5 dxe4 8. dxe4 h6 9. Bc1 e5 10. 0-0 Bg4 11. c3 Qc7 12. Na3 Rd8 13. Nc2 Bg7 14. Ne3 Be6 15. Nh4 Qe7 16. b3 0-0 17. Ba3 Rfe8 18. Rad1 b6 19. Nd5 Bxd5 20. exd5 Nb8 21. b4 e4 22. bxc5 Nxd5 23. Qc4 Nxc3 24. Nxg6 Qg5 25. Rxd8 Rxd8 26. Nf4 b5 27. Qb3 Nc6 28. Ne6 Nd4 29. Nxg5 Nxb3 30. Nxe4 Nxa2 31. Rb1 Nd4 32. Bb2 b4 33. Bxd4 Bxd4 34. c6 a5 35. Bh3 Bb6 36. Bd7 Kf8 37. Rb2 Nc3 38. Nxc3 bxc3 39. Rc2 Bc7 40. Rxc3 a4 41. Ra3 Ra8 42. Kf1 Bd6 43. Ra2 a3 44. Ke2 Ke7 45. Kd3 Be5 46. f4 Bb2 47. Ke4 Ra5 48. g4 Rc5 49. h4 f6 50. g5 fxg5 51. fxg5 hxg5 52. hxg5 Rxg5 53. Kd3 Rc5 54. Kd2 Kd6 55. Kd3 1/2-1/2

[Event "SRB-chT2 West"]
[Site "Vrnjacka Banja"]
[Date "2013.10.11"]
[Round "2"]
[White "Pavlovic, Dejan S"]
[Black "Simic, Dragisa"]
[Result "1/2-1/2"]
[WhiteElo "2398"]
[BlackElo "2296"]
[PlyCount "26"]
[EventDate "2013.10.10"]
[EventType "team-tourn"]
[EventRounds "8"]
[EventCountry "SRB"]
[SourceTitle "EXT 2014"]
[Source "ChessBase"]
[SourceDate "2013.11.20"]
[SourceVersion "1"]
[SourceVersionDate "2013.11.20"]
[SourceQuality "1"]

1. d4 c5 2. d5 g6 3. Nc3 Nf6 4. g3 d6 5. Bg2 Bg7 6. Nf3 0-0 7. 0-0 Na6 8. Nd2 Nc7 9. a4 b6 10. Nc4 Ba6 11. Na3 Qd7 12. Re1 Rad8 13. Nab5 Bb7 1/2-1/2